|
|
|
|
| LEADER |
01466nam a2200373 a 4500 |
| 001 |
000762304 |
| 003 |
CZ BrMZK |
| 005 |
20090703104257.0 |
| 007 |
ta |
| 008 |
050202s2004 xr af er 001 0 cze d |
| 015 |
|
|
|a cnb001498873
|
| 020 |
|
|
|a 80-239-4671-4
|q (brož.)
|
| 035 |
|
|
|a (OCoLC)83976690
|
| 040 |
|
|
|a BOA001
|b cze
|
| 041 |
0 |
|
|a cze
|a ger
|
| 043 |
|
|
|a e-xr---
|b e-xr-vy
|2 czenas
|
| 072 |
|
7 |
|a 94(437)
|x Dějiny Česka a Slovenska
|2 Konspekt
|9 8
|
| 080 |
|
|
|a 347.193
|2 MRF
|
| 080 |
|
|
|a 94(437.324)
|2 MRF
|
| 080 |
|
|
|a (048.8)
|2 MRF
|
| 100 |
1 |
|
|a Krčilová, Irena,
|d 1972-
|7 mzk2005269818
|4 aut
|
| 245 |
1 |
0 |
|a Práva a privilegia města Kamenice nad Lipou 1462-1798 :
|b edice /
|c zpracovali: Irena Kročilová, Zdeněk Martínek, Lenka Martínková
|
| 260 |
|
|
|a Pelhřimov :
|b Státní okresní archiv ;
|a Brno :
|b Moravský zemský archiv,
|c 2004
|
| 300 |
|
|
|a 158 s., 8 s. obr. příl. :
|b il. :
|c 23 cm
|
| 504 |
|
|
|a Obsahuje bibliografii, bibliografické odkazy a rejstřík
|
| 650 |
0 |
7 |
|a městské právo
|7 ph123109
|z Česko
|x dějiny
|2 czenas
|
| 655 |
|
7 |
|a monografie
|7 fd132842
|2 czenas
|
| 651 |
|
7 |
|a Kamenice nad Lipou (Česko)
|7 ge129515
|x dějiny
|2 czenas
|
| 700 |
1 |
|
|a Martínek, Zdeněk,
|d 1957-
|7 jn20001005685
|4 aut
|
| 700 |
1 |
|
|a Martínková, Lenka,
|d 1969-
|7 xx0002507
|4 aut
|
| 910 |
|
|
|a BOA001
|b 2-1147.000
|
| 990 |
|
|
|a BK
|
| 991 |
|
|
|b 200504
|c NOV
|
| 996 |
6 |
|
|b 2610240680
|c 2-1147.000
|l MZK
|r Sklad / do 1 hodiny
|n 9
|p p.v.
|w 000762304
|u 000010
|a 1
|e BOA001
|j MZK50
|s P
|